[Event "5ème open de Provence (B)"]
[Site "Salon de Provence"]
[Date "????.??.??"]
[Round "9.3"]
[White "Baroyan, Davit"]
[Black "Chabaud, Philippe"]
[Result "1-0"]
[WhiteElo "1654"]
[BlackElo "1480"]
[PlyCount "75"]

1. d4 Nf6 2. c4 c6 3. Nc3 d5 4. Nf3 Bf5 5. cxd5 cxd5 6. Qb3 b6 7. e3 e6 8. Bb5+
Nfd7 9. Nxd5 Be4 10. Nf4 Bxf3 11. gxf3 a6 12. Qa4 Bd6 13. Nh5 Qg5 14. Bxd7+
Nxd7 15. Ng3 b5 16. Qc2 O-O 17. f4 Qd5 18. Bd2 Nf6 19. Qd3 Rfc8 20. Ke2 Rc6 21.
e4 Qc4 22. e5 Qxd3+ 23. Kxd3 Ng4 24. exd6 Nxf2+ 25. Ke3 Nxh1 26. Rxh1 Rxd6 27.
Rc1 Rd5 28. b4 g6 29. Ne4 Kg7 30. Rc7 Rh5 31. Ng5 Rxg5 32. fxg5 Rd8 33. Rc6 Ra8
34. Ke4 Ra7 35. Rc8 Rd7 36. Bf4 Rd5 37. Be5+ Rxe5+ 38. Kxe5 1-0

[Event "5ème open de Provence (B)"]
[Site "Salon de Provence"]
[Date "????.??.??"]
[Round "9.4"]
[White "Billon-Blouin, Alec"]
[Black "Goeau, Loic"]
[Result "1-0"]
[WhiteElo "1579"]
[BlackElo "1651"]
[PlyCount "83"]

1. e4 c5 2. d4 cxd4 3. c3 dxc3 4. Nxc3 g6 5. Nf3 Bg7 6. e5 Nc6 7. Bc4 Nxe5 8.
Nxe5 Bxe5 9. Bxf7+ Kxf7 10. Qd5+ Kg7 11. Qxe5+ Nf6 12. O-O d6 13. Qd4 Qb6 14.
Qh4 Rf8 15. Bh6+ Kg8 16. Bxf8 Kxf8 17. b3 Qa5 18. Ne4 Qh5 19. Qf4 Qg4 20. Qh6+
Kg8 21. Nxf6+ exf6 22. Rad1 Qb4 23. Qd2 Qa3 24. Qxd6 Qxa2 25. Qd8+ Kg7 26. Qe7+
Kh6 27. Rd8 Qxb3 28. Qf8+ Kg5 29. Qc5+ Kh6 30. Rxc8 Rxc8 31. Qxc8 a5 32. Qh3+
Qxh3 33. gxh3 b5 34. Rc1 b4 35. Ra1 b3 36. Rxa5 f5 37. Rb5 Kg5 38. Rxb3 Kh5 39.
Kg2 h6 40. Kg3 g5 41. f4 Kg6 42. Rb5 1-0

[Event "5ème open de Provence (B)"]
[Site "Salon de Provence"]
[Date "????.??.??"]
[Round "9.5"]
[White "Faillat, Alois"]
[Black "Mars, Fiona"]
[Result "1/2-1/2"]
[WhiteElo "1477"]
[BlackElo "1517"]
[PlyCount "50"]

1. e4 e5 2. Nf3 Nc6 3. Bc4 Bc5 4. c3 Nf6 5. d3 O-O 6. O-O d6 7. h3 Be6 8. Bxe6
fxe6 9. Re1 Qe7 10. d4 exd4 11. cxd4 Bb4 12. Bd2 Bxd2 13. Nbxd2 e5 14. Qb3+ Kh8
15. dxe5 Nxe5 16. Nxe5 dxe5 17. Qxb7 Nh5 18. Rac1 Qg5 19. Re3 Nf4 20. g4 Nxh3+
21. Rxh3 Qxd2 22. Rf1 Qd7 23. Rg3 Qd6 24. Qd5 Qxd5 25. exd5 Rad8 1/2-1/2

[Event "5ème open de Provence (B)"]
[Site "Salon de Provence"]
[Date "????.??.??"]
[Round "9.6"]
[White "Billon-Blouin, Colin"]
[Black "Ulloa, Philippe"]
[Result "1-0"]
[WhiteElo "1284"]
[BlackElo "1443"]
[PlyCount "37"]

1. e4 e5 2. Nf3 d6 3. Bc4 h6 4. O-O Nf6 5. Nc3 Be7 6. d3 a5 7. Nh4 c6 8. a3 b5
9. Ba2 b4 10. axb4 axb4 11. Bxf7+ Kxf7 12. Rxa8 Na6 13. Na4 Qc7 14. Be3 c5 15.
Rxc8 Qxc8 16. Nb6 Qb7 17. Nc4 Nc7 18. Nf5 Bf8 19. Nfxd6+ 1-0

[Event "5ème open de Provence (B)"]
[Site "Salon de Provence"]
[Date "????.??.??"]
[Round "9.7"]
[White "Porte, Jacques"]
[Black "Misene, Milan"]
[Result "0-1"]
[WhiteElo "1487"]
[BlackElo "1410"]
[PlyCount "118"]

1. d4 Nf6 2. Nf3 d6 3. Nc3 g6 4. Bf4 Bg7 5. e3 O-O 6. Be2 a6 7. h3 Nbd7 8. e4
Nh5 9. Bg5 h6 10. Be3 Nb6 11. Qd2 Kh7 12. g4 Nf6 13. g5 Ng8 14. gxh6 Nxh6 15.
Ng5+ Kg8 16. Ne6 fxe6 17. Bxh6 Rf7 18. Bxg7 Kxg7 19. O-O-O Qh8 20. h4 Qh6 21.
Qxh6+ Kxh6 22. Rh2 Bd7 23. h5 g5 24. b3 Raf8 25. Rf1 d5 26. exd5 exd5 27. Kd2
c6 28. Nd1 Rf4 29. c3 Bg4 30. f3 Bxf3 31. Bxf3 Rxf3 32. Rxf3 Rxf3 33. Nf2 Rf4
34. Ke3 Rh4 35. Rxh4 gxh4 36. Kf3 Kxh5 37. Kg2 Nd7 38. Kh3 Nf6 39. c4 Ne4 40.
Nd3 dxc4 41. bxc4 Nd6 42. Nf4+ Kg5 43. Ne6+ Kf5 44. Nd8 e5 45. dxe5 Kxe5 46. c5
Ne4 47. Nxb7 Kd5 48. Kxh4 Nxc5 49. Na5 Nd3 50. Kg4 c5 51. Kf3 Kd4 52. Nb3+ Kc3
53. Ke2 Kc2 54. Na1+ Kc3 55. Nb3 c4 56. Nd2 Nc1+ 57. Kd1 Nxa2 58. Ne4+ Kb2 59.
Kd2 c3+ 0-1

[Event "5ème open de Provence (B)"]
[Site "Salon de Provence"]
[Date "????.??.??"]
[Round "9.8"]
[White "Maccagnan, Tomas"]
[Black "Pietrac, Christian"]
[Result "1-0"]
[WhiteElo "1679"]
[BlackElo "1214"]
[PlyCount "97"]

1. e4 e5 2. Nf3 d6 3. d4 Nc6 4. Bc4 Nf6 5. dxe5 dxe5 6. Qxd8+ Nxd8 7. Nc3 Bd6
8. Bg5 Ne6 9. Bxf6 gxf6 10. Nd5 Nf4 11. Nxf6+ Kf8 12. g3 Ne6 13. Bxe6 Bxe6 14.
Ng5 Kg7 15. Nd5 Bxd5 16. exd5 h6 17. Ne4 Be7 18. c4 Bb4+ 19. Ke2 f5 20. Nc3
Bxc3 21. bxc3 Rad8 22. Rab1 b6 23. Rhd1 h5 24. c5 Rhf8 25. d6 Rf7 26. dxc7 Rxd1
27. Kxd1 Rxc7 28. cxb6 axb6 29. Rxb6 Rxc3 30. Rb3 Rc7 31. a4 Kf7 32. a5 Rd7+
33. Ke2 Ra7 34. Ra3 f4 35. gxf4 exf4 36. Kf3 Kf6 37. a6 Ke6 38. Kxf4 Kf6 39.
Ra5 h4 40. Kg4 Ke6 41. Kxh4 Kd6 42. Kg4 Kc6 43. h4 Kb6 44. Ra3 Kb5 45. h5 Kb4
46. Ra1 Rg7+ 47. Kf5 Rf7+ 48. Kg6 Rxf2 49. a7 1-0

[Event "5ème open de Provence (B)"]
[Site "Salon de Provence"]
[Date "????.??.??"]
[Round "9.9"]
[White "Maccagno, Gilbert"]
[Black "Mars, Theo"]
[Result "0-1"]
[WhiteElo "1463"]
[BlackElo "1449"]
[PlyCount "101"]

1. d4 d5 2. c4 c6 3. Nc3 Nf6 4. e3 e6 5. Nf3 Nbd7 6. cxd5 exd5 7. Bd3 Bd6 8.
O-O O-O 9. Qc2 Re8 10. Re1 Qe7 11. Bd2 Ne4 12. Bf1 Nxd2 13. Qxd2 Nf6 14. Qc2
Ne4 15. g3 Bg4 16. Bg2 Qf6 17. Nxe4 dxe4 18. Nd2 Bf3 19. a3 Bxg2 20. Kxg2 Qg6
21. b4 Rac8 22. Rac1 Qe6 23. Nb3 f5 24. Qc4 Qxc4 25. Rxc4 Rc7 26. Nd2 g6 27.
Rec1 Rec8 28. Nb3 b6 29. Nd2 c5 30. bxc5 bxc5 31. dxc5 Rxc5 32. Rxc5 Rxc5 33.
Rxc5 Bxc5 34. a4 Kf7 35. Nc4 Ke6 36. Kf1 Kd5 37. Nd2 Bb4 38. Ke2 Bxd2 39. Kxd2
Kc4 40. a5 a6 41. Kc2 Kb4 42. Kb2 Kxa5 43. Kb3 Kb5 44. h3 h5 45. h4 a5 46. Ka3
Kc4 47. Ka4 Kd3 48. Kxa5 Ke2 49. Kb5 Kxf2 50. Kc4 Kxe3 51. Kd5 0-1

[Event "5ème open de Provence (B)"]
[Site "Salon de Provence"]
[Date "????.??.??"]
[Round "9.10"]
[White "Villevieille, Lucas"]
[Black "Achard-Rozan, Celian"]
[Result "0-1"]
[WhiteElo "1338"]
[BlackElo "1330"]
[PlyCount "90"]

1. d4 Nf6 2. c4 e6 3. Nc3 Bb4 4. e3 O-O 5. Bd3 d5 6. cxd5 exd5 7. Nge2 Bg4 8.
O-O c6 9. f3 Bh5 10. a3 Ba5 11. b4 Bc7 12. Qc2 Qd6 13. Nf4 Nbd7 14. e4 dxe4 15.
Nxe4 Qxd4+ 16. Kh1 Qxa1 17. Bb2 Qxf1+ 18. Bxf1 Bxf4 19. Nxf6+ Nxf6 20. Bxf6
gxf6 21. Bd3 Rfe8 22. g4 Bg6 23. Bxg6 hxg6 24. Qc3 Re6 25. Kg2 Rd8 26. Qa1 Rd2+
27. Kf1 Be3 28. Qb1 Rf2+ 29. Ke1 Bd4+ 30. Kd1 Bc3 31. Qe4 Rxe4 32. fxe4 Kf8 33.
h4 Ke7 34. h5 gxh5 35. gxh5 Rh2 36. h6 Kd6 37. h7 Rxh7 38. Kc2 Rh3 39. e5+ Kxe5
40. a4 Kd4 41. b5 Rh2+ 42. Kb3 Rb2+ 43. Ka3 Kc4 44. bxc6 Rb1 45. c7 Ra1# 0-1

[Event "5ème open de Provence (B)"]
[Site "Salon de Provence"]
[Date "????.??.??"]
[Round "9.11"]
[White "Goeau, Philibert"]
[Black "Frailinu, Jean-Bernard"]
[Result "0-1"]
[WhiteElo "1308"]
[BlackElo "1574"]
[PlyCount "134"]

1. d4 d5 2. c4 e6 3. Nc3 c6 4. Nf3 Bd6 5. Qb3 Nd7 6. e3 f5 7. Bd3 Ngf6 8. O-O
Ne4 9. cxd5 exd5 10. Nd2 Nxd2 11. Bxd2 Nf6 12. Qc2 Ne4 13. f3 Nxd2 14. Qxd2 O-O
15. Qc2 Qh4 16. f4 Rf6 17. Rf3 Qh5 18. Raf1 Bd7 19. Rh3 Qf7 20. Rff3 Rc8 21.
Qb3 b5 22. Qd1 a6 23. a3 c5 24. dxc5 Bxc5 25. Kh1 Bxa3 26. Qb3 Bc5 27. Rfg3 Be6
28. Qa2 Rc6 29. Qa5 Qf8 30. Rh4 d4 31. exd4 Bxd4 32. Rgh3 h6 33. Be2 Bxc3 34.
Rxc3 Rxc3 35. Qxc3 Kh8 36. Qg3 Qc5 37. Qe1 Bd5 38. Qd1 Qc6 39. Bf3 Bxf3 40.
gxf3 Rd6 41. Qf1 Qd7 42. Kg2 Rd1 43. Qxd1 Qxd1 44. Rh5 Qd3 45. b4 Kh7 46. Rh3
g6 47. Rh4 Qd2+ 48. Kf1 Qxb4 49. Ke2 Qc4+ 50. Ke3 b4 51. Rh3 Qc3+ 52. Ke2 b3
53. Rg3 b2 54. Rg1 Qc2+ 55. Ke3 Qxh2 56. Rd1 Qc2 57. Rd7+ Kg8 58. Rd8+ Kf7 59.
Rd1 Qb3+ 60. Rd3 Qxd3+ 61. Kxd3 b1=Q+ 62. Kd2 Ke6 63. Ke3 Kd5 64. Kd2 Kd4 65.
Ke2 Qc2+ 66. Ke1 Ke3 67. Kf1 Qf2# 0-1

[Event "5ème open de Provence (B)"]
[Site "Salon de Provence"]
[Date "????.??.??"]
[Round "9.12"]
[White "Cavanihac, Claude"]
[Black "Grima-Flores, Jose"]
[Result "1-0"]
[WhiteElo "1535"]
[BlackElo "1340"]
[PlyCount "85"]

1. d4 d5 2. c4 c6 3. Nc3 Nf6 4. cxd5 Nxd5 5. e4 Nxc3 6. bxc3 e6 7. Nf3 g6 8.
Bd3 Bg7 9. Ba3 Nd7 10. O-O b6 11. e5 Bb7 12. Be4 Bf8 13. Bxf8 Nxf8 14. Nd2 Ba6
15. Re1 Rc8 16. Qa4 Bb5 17. Qb3 Qc7 18. c4 Ba6 19. Rac1 Rd8 20. Nf3 Nd7 21. Qe3
O-O 22. Qh6 f6 23. d5 Nxe5 24. Nxe5 fxe5 25. dxe6 c5 26. Bd5 Qe7 27. a4 Kh8 28.
Rxe5 Rf6 29. f3 Bc8 30. Rce1 Rd6 31. Qe3 Kg7 32. g4 a6 33. g5 Rf5 34. Rxf5 gxf5
35. Qe5+ Kg6 36. f4 Bxe6 37. Bxe6 Qf8 38. Bxf5+ Qxf5 39. Qxd6+ Kh5 40. Qh6+ Kg4
41. h3+ Kf3 42. Qh5+ Kxf4 43. Rf1+ 1-0

[Event "5ème open de Provence (B)"]
[Site "Salon de Provence"]
[Date "????.??.??"]
[Round "9.13"]
[White "Hassid, Samuel"]
[Black "Brenon, Stephane"]
[Result "1-0"]
[WhiteElo "1153"]
[BlackElo "1360"]
[PlyCount "89"]

1. c4 c5 2. g3 d6 3. Bg2 g6 4. Nc3 Nf6 5. e3 Bg7 6. Nge2 O-O 7. O-O Nc6 8. h3
Be6 9. d3 Qc8 10. Kh2 Qc7 11. Rb1 Nd7 12. b4 f5 13. e4 Nf6 14. Nd5 Qd7 15. Be3
Nxb4 16. Nec3 Bf7 17. e5 Ne8 18. a3 Nxd5 19. Nxd5 Nc7 20. Nxc7 Qxc7 21. exd6
exd6 22. Qb3 Qe7 23. Rfe1 Qc7 24. Qxb7 Qa5 25. Bd5 Bxd5 26. Qxd5+ Kh8 27. Qxd6
Rae8 28. Qxc5 Qd8 29. d4 Re4 30. d5 Rfe8 31. f4 g5 32. fxg5 Qa8 33. Bf2 f4 34.
Rxe4 Rxe4 35. Qxa7 Qf8 36. g4 Re2 37. d6 f3 38. d7 Rd2 39. Kg1 Re2 40. Qb6 Rd2
41. Qc6 Bd4 42. Bxd4+ Rxd4 43. Qf6+ Qxf6 44. gxf6 Rf4 45. d8=Q# 1-0

[Event "5ème open de Provence (B)"]
[Site "Salon de Provence"]
[Date "????.??.??"]
[Round "9.14"]
[White "Boghossian, Hugo"]
[Black "Goeau, Aurelice"]
[Result "1-0"]
[WhiteElo "1344"]
[BlackElo "1232"]
[PlyCount "63"]

1. e4 c5 2. Nc3 d6 3. Bc4 Nf6 4. f4 Nc6 5. Nf3 g6 6. O-O Bg7 7. d3 O-O 8. Qe1
Bg4 9. Qh4 Bxf3 10. Rxf3 Nd4 11. Rh3 Nc6 12. Nd5 h5 13. f5 Ng4 14. fxg6 Bd4+
15. Be3 Bxe3+ 16. Nxe3 Nxe3 17. gxf7+ Rxf7 18. Bxf7+ Kxf7 19. Qxh5+ Ke6 20.
Rxe3 Nd4 21. c3 Kd7 22. cxd4 cxd4 23. Qb5+ Kc8 24. Rc1+ Kb8 25. Re2 a6 26. Qc4
e5 27. Rec2 Ka7 28. Qc7 Qf6 29. b4 Rg8 30. b5 Rg7 31. b6+ Ka8 32. Qc8# 1-0

[Event "5ème open de Provence (B)"]
[Site "Salon de Provence"]
[Date "????.??.??"]
[Round "9.15"]
[White "Loi, Emmanuel"]
[Black "Graccione, Angele"]
[Result "1-0"]
[WhiteElo "1271"]
[BlackElo "1040"]
[PlyCount "73"]

1. c4 c5 2. Nf3 e6 3. g3 Be7 4. Bg2 Nf6 5. O-O O-O 6. d4 b6 7. Nh4 Nc6 8. d5
Nd4 9. Nc3 Rb8 10. e4 e5 11. Nb5 Nxb5 12. cxb5 d6 13. f4 Bg4 14. Nf3 Nxe4 15.
Qd3 Nf6 16. fxe5 dxe5 17. Nxe5 Qc7 18. Nc6 Rbe8 19. Bf4 Bd6 20. Bd2 Be2 21. Qc3
Bxf1 22. Rxf1 Re2 23. a4 Rxg2+ 24. Kxg2 Nxd5 25. Qc4 Nb4 26. Bxb4 cxb4 27. b3
g6 28. Re1 Kg7 29. Qd4+ f6 30. Re2 Rf7 31. Re8 Rf8 32. Re6 Rf7 33. Qe4 f5 34.
Qd4+ Kf8 35. Rxd6 Rd7 36. Rxd7 Qc8 37. Qf6+ 1-0

[Event "5ème open de Provence (B)"]
[Site "Salon de Provence"]
[Date "????.??.??"]
[Round "9.16"]
[White "Hervy, Daniel"]
[Black "Philippe, Alexis"]
[Result "0-1"]
[WhiteElo "1310"]
[BlackElo "1420"]
[PlyCount "130"]

1. c4 c5 2. Nf3 d6 3. e3 Nf6 4. h3 g6 5. d4 cxd4 6. Nxd4 Bg7 7. f3 O-O 8. Bd3
Nc6 9. Nxc6 bxc6 10. O-O Rb8 11. Nc3 e5 12. Qa4 Qb6 13. Rb1 Bh6 14. Kh1 Nh5 15.
Kh2 Bb7 16. Bd2 Bxe3 17. Ne4 Bxd2 18. Nxd2 Qe3 19. Qc2 Qf4+ 20. Kg1 Ng3 21. Ne4
Nxf1 22. Rxf1 Rfc8 23. Qf2 d5 24. g3 Qh6 25. Nf6+ Kg7 26. Nd7 Ra8 27. Nxe5 Qxh3
28. Ng4 f6 29. Rd1 h5 30. Bf1 Qxf1+ 31. Qxf1 hxg4 32. c5 gxf3 33. Qxf3 Ba6 34.
Rd4 Re8 35. g4 Re1+ 36. Kh2 Rh8+ 37. Kg3 Rg1+ 38. Kf4 Rf1 39. Qxf1 Bxf1 40. Rb4
g5+ 41. Kf5 Bd3+ 42. Ke6 Kg6 43. Rb7 Be2 44. Kd6 Bxg4 45. Rxa7 d4 46. Kxc6 d3
47. Ra4 d2 48. Rxg4 d1=Q 49. Rb4 Rc8+ 50. Kb6 Qe2 51. c6 Qe6 52. Ka5 Qxa2+ 53.
Kb5 Rb8+ 54. Kc5 Qa5+ 55. Kd6 Qxb4+ 56. Kd7 Qxb2 57. Kc7 Qb6+ 58. Kd7 Qd8+ 59.
Ke6 Kg7 60. Kf5 Qd5+ 61. Kg4 Rb4+ 62. Kg3 Qd3+ 63. Kg2 Rb2+ 64. Kg1 Qg3+ 65.
Kf1 Qf2# 0-1

[Event "5ème open de Provence (B)"]
[Site "Salon de Provence"]
[Date "2014.07.05"]
[Round "1.4"]
[White "Misene, Milan"]
[Black "Goeau, Loic"]
[Result "*"]
[WhiteElo "1410"]
[BlackElo "1651"]
[PlyCount "68"]
[EventDate "2014.??.??"]

1. e4 c5 2. Nf3 d6 3. d4 cxd4 4. Nxd4 Nf6 5. Nc3 Nc6 6. Bg5 Nd7 7. Be2 g6 8.
Be3 Bg7 9. Nxc6 bxc6 10. Qd2 O-O 11. Bh6 Qb6 12. Bxg7 Kxg7 13. Na4 Qc7 14. h4
Nf6 15. f3 d5 16. O-O-O dxe4 17. Nc3 exf3 18. gxf3 Be6 19. Kb1 Rfd8 20. Qe3 Qb6
21. Qxb6 axb6 22. Rdg1 h5 23. f4 Nd5 24. Rg3 Nxc3+ 25. Rxc3 Bxa2+ 26. Kc1 Bc4
27. Ra3 Rxa3 28. bxa3 Bxe2 29. Re1 Rd1+ 30. Rxd1 Bxd1 31. Kxd1 Kf6 32. Ke2 Kf5
33. Kf3 b5 34. c3 c5 *